000 00977nam1a22002411i 4500
001 rc\2836221
005 20240726073417.0
035 _a(NLR Aleph) 006993972
090 _a5654200
_c5654200
100 _a20110627d1932 |||y0rusy50 ca
101 0 _arus
102 _aRU
105 _ay z |||||
200 1 _aКонструирование и расчеты
_eПособие для практ. расчетов во всех областях машиностроения для инж-ров техников, конструкторов, чертежников и студентов ...
205 _a2-е изд., доп.
210 _aЛенинград
_cизд-во Кубуч
_d1932
_gтип. "Ленингр. правда"
215 _d17×13 см
300 _aВ коленкоровом переплете с золотым тиснением
801 0 _aRU
_bNLR
_gpsbo
801 1 _aRU
_bELAR
_2rusmarc
852 _aNLR
_j31-15/284
942 _cBOOK